000 00656nam a2200217Ii 4500
003 JO-AjNU
008 230606s9999||||xx |||||||||||||| ||und||
020 _a978-0-13-609368-8/0-13-3609368
040 _aJO-AjNU
_beng
_erda
_cJO-AjNU
041 _aeng
050 1 4 _aT58.6.L38.2010
100 3 _aLaudon,Kenneth/ Jane Laudon,
_eauthor
_9581
245 0 0 _aManagement Information Systems:Management The Digital Firm
250 _a11 ed
264 3 1 _aNew Jersy:pearson,2010
300 _a653p
336 _atext
_btxt
_2rdacontent
337 _aunmediated
_bn
_2rdamedia
338 _avolume
_bnc
_2rdacarrier
650 4 _amanagement information system
_9582
999 _aE307
_c307
_d307